Biblioteka Instytutu Północnego w Olsztynie

Widok standardowy Widok MARC

Pozycja Corporate Name

Liczba rekordów, w których użyto hasła: 1

001 - Numer kontrolny

  • control field: 40482

003 - Identyfikator numeru kontrolnego

  • control field: NUKAT

005 - Data i czas ostatniej modyfikacji

  • control field: 20260424140450.0

008 - Dane kontrolne kodowane (40 znaków)

  • fixed length control field: 140214n||a|znnaabn |a ana |c

010 ## - Numer kontrolny Biblioteki Kongresu

  • numer kontrolny LC: n 2014030799

024 7# - OTHER STANDARD IDENTIFIER

  • Standard number or code: 301139116
  • Source of number or code: viaf

040 ## - Instytucja sporządzająca rekord

  • inst. przygot. dane do rek. khw: WA 51/AS
  • język haseł przedmiotowych/tezaurus: kaba
  • inst. wprow. rek. khw: WA 51/AS
  • inst. modyf. rek. khw: WA U/MBA
  • inst. modyf. rek. khw: WA U/AS
  • inst. modyf. rek. khw: WA U/IS
  • inst. modyf. rek. khw: WA U/DUN10WM
  • inst. modyf. rek. khw: WA U/MNi
  • inst. modyf. rek. khw: WA U/KSZ
  • inst. modyf. rek. khw: WA 72/JR

043 ## - Kod obszaru geograficznego

  • ISO code: PL

110 2# - Hasło - nazwa ciała zbiorowego

  • nazwa ciała zbior. lub geogr. na pocz.: Zakłady Graficzne Towarzystwa B. A. Bukaty (Warszawa).

368 ## - Other Attributes

  • Corp type: Drukarnie.

370 ## - Associated place

  • Country: Polska.

370 ## - Associated place

  • Residence/HQ: Warszawa (Polska).

377 ## - Assoc lang

  • Lang code: pol

410 2# - Trop zob. - nazwa ciała zbiorowego

  • nazwa ciała zbior. lub geogr. na pocz.: B. A. Bukaty, Warszawa.

410 2# - Trop zob. - nazwa ciała zbiorowego

  • nazwa ciała zbior. lub geogr. na pocz.: Lit. B. A. Bukaty.

410 2# - Trop zob. - nazwa ciała zbiorowego

  • nazwa ciała zbior. lub geogr. na pocz.: Tow. B. A. Bukaty Warszawa.

410 2# - Trop zob. - nazwa ciała zbiorowego

  • nazwa ciała zbior. lub geogr. na pocz.: Zakłady Graficzne T-wa B. A. Bukaty Warszawa.

410 2# - Trop zob. - nazwa ciała zbiorowego

  • nazwa ciała zbior. lub geogr. na pocz.: Two B. A. Bukaty Warszawa.

410 0# - Trop zob. - nazwa ciała zbiorowego

  • nazwa ciała zbior. lub geogr. na pocz.: Towarzystwo B. A. Bukaty, Zakłady Graficzne.

410 2# - Trop zob. - nazwa ciała zbiorowego

  • nazwa ciała zbior. lub geogr. na pocz.: Zakł. Graf. Tow. B. A. Bukaty.

410 2# - Trop zob. - nazwa ciała zbiorowego

  • nazwa ciała zbior. lub geogr. na pocz.: Drukarnia T-wa B. A. Bukaty.

410 2# - Trop zob. - nazwa ciała zbiorowego

  • nazwa ciała zbior. lub geogr. na pocz.: Zakłady Graficzne T-wo B. A. Bukaty.

410 2# - Trop zob. - nazwa ciała zbiorowego

  • nazwa ciała zbior. lub geogr. na pocz.: Druk. Zakł. Graf. Towarzystwa B. A. Bukaty.

410 2# - Trop zob. - nazwa ciała zbiorowego

  • nazwa ciała zbior. lub geogr. na pocz.: Tipo-litografiâ Tovariŝestvo B. A. Bukaty.

410 2# - Trop zob. - nazwa ciała zbiorowego

  • nazwa ciała zbior. lub geogr. na pocz.: Drukarnia i Litografja B. A. Bukaty.

410 2# - Trop zob. - nazwa ciała zbiorowego

  • nazwa ciała zbior. lub geogr. na pocz.: Druk. Tow. B. A. Bukaty.

410 2# - Trop zob. - nazwa ciała zbiorowego

  • nazwa ciała zbior. lub geogr. na pocz.: Druk i lit. B. A. Bukaty.

670 ## - Źródło informacji

  • źródło informacji: Kp. Podróż koleją Syberyjską na Daleki Wschód : z ilustracjami : [mapa]. - [Warszawa, 1904].
  • gdzie znaleziono informację: (Druk B. A. Bukaty Wspólna 48 ; 4 s. okł.: B. A. Bukaty, Warszawa)

670 ## - Źródło informacji

  • źródło informacji: Grafika Polska 1921, R. 1, z.1
  • gdzie znaleziono informację: s. 25-26: (Dział adresowy - Zakłady graficzne w Polsce, Warszawa, Drukarnie: Bukaty B. A., Towarzystwo, Zakłady graficzne)

670 ## - Źródło informacji

  • źródło informacji: Studia i Materiały z Historii Kartografii, XVI. - Warszawa, 1997.
  • gdzie znaleziono informację: s. 68; s. 89; s. 90; 107; s. 108: (Lit. B. A. Bukaty; Tow. B. A. Bukaty Warszawa; Zakłady Graficzne T-wa B. A. Bukaty Warszawa; Two B. A. Bukaty Warszawa; Druk i Lit. B. A. Bukaty, Warszawa)

670 ## - Źródło informacji

  • źródło informacji: BNPol online

670 ## - Źródło informacji

  • źródło informacji: a Mapa wojew. warszawskiego / oprac. i wyd. J. M. Bazewicz. - Warszawa, [post 1918].
  • gdzie znaleziono informację: Druk (Zakł. Graf. Tow. B.A. Bukaty)

670 ## - Źródło informacji

  • źródło informacji: Historja cywilizacji / Krzywickiego. - Warszawa, 1921.

670 ## - Źródło informacji

  • źródło informacji: Przegląd wykładów ekonomji społecznej : opracowano na podstawie wykładów Tad. Brzeskiego / opracował podług własnych notatek E. Szabłowski. - Warszawa, 1924.
  • gdzie znaleziono informację: Druk.

670 ## - Źródło informacji

  • źródło informacji: Čto Kola-Dulʹc do sih por soveršila. - Varšava, [między 1911i 1914].
  • gdzie znaleziono informację: (Tipo-litografiâ Tovariŝestvo B. A. Bukaty)

670 ## - Źródło informacji

  • źródło informacji: Don Juan Rosyjski : (poemat satyryczny) / W. Burenin. - Warszawa, 1908.
  • gdzie znaleziono informację: Wyd. (Drukarnia i Litografja B. A. Bukaty)

670 ## - Źródło informacji

  • źródło informacji: 30 wskazań dla personelu sklepowego / Związek Spółdzielni Mleczarskich i Jajczarskich. - Warszawa, 1930.
  • gdzie znaleziono informację: (Druk. Tow. B. A. Bukaty)

670 ## - Źródło informacji

  • źródło informacji: Kp. T. K. N. Geologia / wykład i korekta pr. J. Lewińskiego. - Warszawa, 1909
  • gdzie znaleziono informację: (Druk i lit. B. A. Bukaty)
Biblioteka Instytutu Północnego, ul. Partyzantów 87, 10-402 Olsztyn, email: biblioteka(at)ip.olsztyn.pl